عرض عادي
عرض مارك
- Kelley, Lorrie L
مدخل إسم شخص
001 - رقم الضبط
- حقل الضبط: 36261
003 - معرف رقم الضبط
- حقل الضبط: OSt
005 - تاريخ ووقت أخر عملية
- حقل الضبط: 20130629185034.0
008 - عناصر بيانات ثابتة الطول
- حقل تحكم ثابت الطول: 130629|||a|||||| | ||| d
040 ## - مصدر الفهرسة
- هيئة الفهرسة الأصلية: OSt
- وكالة الكتابة: OSt
100 ## - مدخل -- أسم شخص
- إسم شخص: Kelley, Lorrie L
670 ## - بيانات المصدر موجوده
- الاستشهاد بالمصدر: Work cat.: (OSt): Kelley, Lorrie L , Workbook for sectional anatomy for imaging professionals /, 2007
